000 00278nam a2200133Ia 4500
082 _a616.0092
_bM85S
100 _aSEARS ,W. GORDON
245 _aMEDICINE FOR NURSES
250 _a13TH
260 _bARNOLD
_aDELHI
_c1985
300 _a600
650 _aNURSING
942 _2ddc
_cBK
999 _c1855
_d1855